000 00652nam a2200241Ia 4500
003 OSt
005 20220924122348.0
006 a|||||r|||| 00| 0
007 ta
008 220923b |||||||| |||| 00| 0 urd d
020 _a9693510534
024 _a252782
037 _cTextual
040 _aARTS
_cARTS
_burd
041 _2urd
_aurd
082 _aO168xM9, J5;P4
100 _aSherwani Hafiz Mahmood
_9189239
245 0 _aSarmaya-e-Urdu
260 _aLahore
_bSang-e-Meel Pakistan
_c2004
650 _aURDU LITERATURE
942 _hO168xM9, J5;P4
_cTEXL
_2CC
999 _c411333
_d411333